000 00309nam a2200133Ia 4500
003 Ost
005 20260225132548.0
008 260225s9999||||xx |||||||||||||| ||und||
040 _cfsic
041 _afre
082 _a440
245 0 _aUn village Algerien structures et evolution recente /
942 _cكتاب
999 _c33980
_d33980